Nói vậy mà không phải vậy! = Untruth : Why the conventional wisdom is (almost always) wrong

Sách gồm 7 phần là: những thói quen của người Mỹ, chính trị, kinh tế, doanh nghiệp, phúc lợi, các chuyên gia, báo giới.

সংরক্ষণ করুন:
গ্রন্থ-পঞ্জীর বিবরন
প্রধান লেখক: Samuelson, Robert J.
বিন্যাস: গ্রন্থ
ভাষা:Undetermined
প্রকাশিত: Thành phố Hồ Chí Minh Trẻ 2011
বিষয়গুলি:
ট্যাগগুলো: ট্যাগ যুক্ত করুন
কোনো ট্যাগ নেই, প্রথমজন হিসাবে ট্যাগ করুন!
Thư viện lưu trữ: Trung tâm Học liệu Trường Đại học Cần Thơ
LEADER 01044nam a2200229Ia 4500
001 CTU_185874
008 210402s9999 xx 000 0 und d
020 |c 110000 
082 |a 917.305 
082 |b S193 
100 |a Samuelson, Robert J. 
245 0 |a Nói vậy mà không phải vậy! = 
245 0 |b Untruth : Why the conventional wisdom is (almost always) wrong 
245 0 |c Robert J. Samuelson; Nguyễn Phúc Hoàng, Nguyễn Dương Hiếu dịch 
260 |a Thành phố Hồ Chí Minh 
260 |b Trẻ 
260 |c 2011 
520 |a Sách gồm 7 phần là: những thói quen của người Mỹ, chính trị, kinh tế, doanh nghiệp, phúc lợi, các chuyên gia, báo giới. 
650 |a United States,United States,Điều kiện kinh tế Hoa Kỳ,Hoa Kỳ 
650 |x Government and political,economic condition,Chính trị và chính quyền 
910 |a Ngô Hồng Xuân 
980 |a Trung tâm Học liệu Trường Đại học Cần Thơ